Fel meg le - Pom Pom meséi

Bibliographic Details
Main Author: Beke, Zsolt, 1973- (Author)
Format: Article
Language:Hungarian
ISSN:1335-6445
Subjects:

MARC

LEADER 00000nab a2200000 a 4500
001 vtls009956314
003 SK-MaSNL
005 20260319074333.0
008 141024c2009 xo |||||||| 000 b|hun
015 |a SNBRB2009/10  |2 snkbucl 
038 |a SNKBUCL 
040 |a DSZK  |b slo  |c DSZK  |e AACR2 
041 0 |a hun 
044 |a xo  |c SK 
080 |a 791.43:778.534.6  |x (439)  |2 1997 
080 |a 778.534.6  |x (439)  |2 1997 
100 1 |a Beke, Zsolt,  |d 1973-  |4 aut  |9 443706 
245 1 0 |a Fel meg le - Pom Pom meséi  |c Beke Zsolt 
630 0 7 |a Pom Pom meséi (animovaný seriál)  |2 snkbucl  |9 1038096 
773 0 |t Katedra  |g Évf. XVII, sz. 1 (2009), o. 2  |x 1335-6445 
852 |a SNK  |b KIS3GCP 
852 |a DSZK  |b KIS3GCP 
958 |a HU 
958 |a SK 
999 |c 1706713  |d 1708643